| 000 | 01182nam a2200289 a 4500 | ||
|---|---|---|---|
| 001 | 000026400 | ||
| 003 | DO-SdBNP | ||
| 005 | 20260430122336.0 | ||
| 007 | ta | ||
| 008 | 110316s1994 dr 000 0 spa d | ||
| 040 |
_aDO-SdBNP _bspa _cBNPHU40 |
||
| 082 | 4 |
_a928.61 _bH519c _222 |
|
| 100 | 1 |
_aCastillo Vega, Marcia _917575 |
|
| 245 | 1 | 0 |
_aCatálogo de los documentos manuscritos de Camila Henríquez Ureña / _cMarcia Castillo Vega. |
| 260 |
_aSanto Domingo : _bPublicaciones ONAP, _c1994. |
||
| 300 |
_a105 p. ; _c21 cm. |
||
| 500 | _aIncluye índice de materias. | ||
| 500 | _aEn la portada: XXII Feria Nacional del Libro Camila Henríquez Ureña, 1994. | ||
| 590 | _aInventariado, 2022/BT | ||
| 600 | 1 | 4 |
_aHenríquez Ureña, Camila, _d1894-1973 _xColecciones de escritos _937364 |
| 650 | 0 |
_aAutores _99847 |
|
| 650 | 0 |
_aMaestros _917439 |
|
| 710 | 1 |
_aRepública Dominicana. _bSecretaría de Estado de Educación, Bellas Artes y Cultos. _bComisión Organizadora Permanente de la Feria Nacional del Libro. _953438 |
|
| 710 | 2 |
_aAcademia de Ciencias de Cuba. _bInstituto de Literatura y Lingüística _953439 |
|
| 910 | _aValidado. Control de calidad EMS | ||
| 942 |
_2ddc _cLBS1 |
||
| 999 |
_c25892 _d25892 |
||